000 00603nam a2200241 a 4500
001 nice12345678
003 IN_TiNIC
005 20260116013224.0
008 050524s1998 dela grp 000 0 eng
020 _a812023X
_c350
082 0 0 _a335.4
_bASH
100 _aAsh, William
245 _aMarxist Morality
260 _aDelhi
_bAjanta Publications
_c1998
300 _a304p
500 _aincludes index and biblioraphy
505 2 _aAppemdix, Glossary, General Biography, Index
650 _aMarxism
700 1 _aAsh, William
902 _bSRS
942 _cBK
999 _c10172
_d10172